000 00465nam a2200181Ia 4500
001 3931
005 20260306145719.0
008 260306t2006||||xx |||||||||||||| ||spa||
041 _aESP
082 _a305.56
_bE
100 _aVélez Canelo, Rosajilda (coord.)
_eAUT
245 0 _aExclusión social, políticas inclusivas y gerencia social
260 _c2006
300 _a259 páginas :
_c23 cm.
650 _aGEN
654 _aCHU
942 _cLIB
_dJUS
_fJUS
_2ddc
_n
999 _c3931
_d3931